00288nam a2200097Ia 4500008004000000082001300040100001500053245006800068260004600136300000800182210210b1985 xxu||||| |||| 00| 0 eng d a023 DATA aDATTA (N). aAcademic status for university and College Librarians in India. aDelhibIndian Bibliographies Bureauc1985 a208